World Map 6 x 16 Puzzle by Smallest Country in 90 seconds - Statistics

General Stats
  • This quiz has been taken 1,606 times
  • The average score is 16 of 54
Answer Stats
Piece % Correct
Vatican City
76%
United States
57%
United States
57%
United States
57%
United States
57%
United States
57%
Monaco
54%
Nauru
50%
Nauru
50%
Uruguay
44%
Uruguay
44%
Uruguay
44%
Mexico
41%
Singapore
39%
Saint Kitts and Nevis
38%
Palau
37%
Denmark
34%
Denmark
34%
Denmark
34%
Denmark
34%
Suriname
34%
Maldives
31%
Tonga
29%
Bhutan
28%
Kiribati
28%
São Tomé and Príncipe
28%
Seychelles
28%
Kiribati
28%
Cape Verde
26%
New Zealand
26%
New Zealand
26%
Taiwan
25%
Vanuatu
25%
Bahrain
24%
Comoros
24%
Mauritius
24%
South Korea
22%
Bahamas
22%
Trinidad and Tobago
21%
Costa Rica
18%
Rwanda
17%
Swaziland
17%
Federated States of Micronesia
15%
Sri Lanka
15%
Mongolia
13%
Marshall Islands
13%
Marshall Islands
13%
Togo
12%
Cyprus
11%
Tunisia
7%
United Arab Emirates
7%
Kyrgyzstan
6%
Tajikistan
5%
Sierra Leone
3%
No matching quizzes found
Score Distribution
Percent of People with Each Score
Percentile by Number Answered
Your Score History
You have not taken this quiz